• 首页
  • 本馆介绍
  • 公告通知
  • 最新文献
  • 馆藏检索
  • 电子资源
  • 读者导购
  • 参考咨询
  • 我的图书馆
  • 登录
  • 详细信息显示
  • 放入我的书架
  • 预约/预借图书
  • 作者相关作品
  • 分类相关作品
  • 丛书相关作品
  • 出版社相关作品

书目信息

  • 表格格式
  • 工作单格式
  • 卡片格式
题名:
论党性
    
 
作者: 杨献珍 著
分册:  
出版信息: 郑州   河南人民出版社  1981
页数: 136页
开本: 21cm
丛书名:
单 册:
中图分类: D263.3
科图分类:
主题词: 党性-中国共产党--修养
电子资源:
ISBN:
000 00653nam0 2200253 45
001 0181002543
005 20060911105001.64
010    @dCNY0.48
091    @aCN@b3105.400
100    @a19950523d1981 emky0chiy0121 ea
101 0  @achi
102    @aCN@b410000
105    @ay z 000yy
200 10 @a论党性@Alun dang xing@f杨献珍著
205    @a2版
210    @a郑州@c河南人民出版社@d1981
215    @a136页@d21cm
601 02 @a中国共产党@x党性@x修养
606    @a党性-中国共产党@x修养
690    @aD263.3@v3
701  0 @a杨献珍@Ayang xian zhen@4著
801  0 @aCN@bTSSF@c20060911
801  2 @aCN@bNLC@c20060911
905    @a10447@dD263.3@e103=2
    
    论党性/杨献珍著.-2版.-郑州:河南人民出版社,1981
    136页;21cm
    
    
    ISBN :CNY0.48
    
●
相关链接 在E读中查询图书 在五车中查询图书 在当当中查询图书 在豆瓣中查询图书


正题名:论党性     索取号:D263.3/103=2         预约/预借

序号 登录号 条形码 馆藏地/架位号 状态 备注
1 0440691   204406918   密集书库/ [索取号:D263.3/103=2] 在馆    
2 0471903   204719037   密集书库/ [索取号:D263.3/103=2] 在馆    
唐山师范学院图书馆 欢迎您!
大连网信软件有限公司© 版权所有